00233nam a2200097Ia 4500008004100000041001200041100002000053245004900073260000600122650000700128221030s9999 xx 000 0 und d aEnglish aP. N. Gooderham 0aInternational Managementcby P. N. Gooderham c0 aMb